Exercices de chimie organique (Record no. 12148)
[ view plain ]
| 000 -LEADER | |
|---|---|
| fixed length control field | 00752 a2200313 4500 |
| 035 ## - SYSTEM CONTROL NUMBER | |
| System control number | 00307 |
| 035 ## - SYSTEM CONTROL NUMBER | |
| System control number | 8815 |
| 035 ## - SYSTEM CONTROL NUMBER | |
| System control number | 8816 |
| 035 ## - SYSTEM CONTROL NUMBER | |
| System control number | 11334 |
| 035 ## - SYSTEM CONTROL NUMBER | |
| System control number | 11335 |
| 020 ## - NUMERO INTERNATIONAL NORMALISE DES LIVRES | |
| International Standard Book Number | 2-10-000023-3 |
| 100 ## - VEDETTE PRINCIPALE - NOM DE PERSONNE | |
| Personal name | ARNAUD, Paul |
| 130 ## - VEDETTE PRINCIPALE - TITRE UNIFORME | |
| Language of a work | Fr. |
| 260 ## - PUBLICATION, DISTRIBUTION, ETC. (IMPRINT) | |
| Place of publication, distribution, etc | Paris |
| 260 ## - PUBLICATION, DISTRIBUTION, ETC. (IMPRINT) | |
| Name of publisher, distributor, etc | Dunod |
| 245 ## - TITLE STATEMENT | |
| Title | Exercices de chimie organique |
| 260 ## - PUBLICATION, DISTRIBUTION, ETC. (IMPRINT) | |
| Date of publication, distribution, etc | 1991 |
| 250 ## - EDITION STATEMENT | |
| Edition statement | 3e éd. ref et augm., 2e tir. |
| 300 ## - PHYSICAL DESCRIPTION | |
| Extent | IX-377 [1] p. |
| 300 ## - PHYSICAL DESCRIPTION | |
| Other physical details | fig. ; 26 cm |
| 500 ## - GENERAL NOTE | |
| General note | Notes au bas des pageset dans les colonnes |
| 650 ## - SUBJECT ADDED ENTRY--TOPICAL TERM | |
| Topical term or geographic name as entry element | CHIMIE ORGANIQUE |
| Withdrawn status | Lost status | Damaged status | Not for loan | Location (home branch) | Sublocation or collection (holding branch) | Date acquired | Koha issues (times borrowed) | Koha full call number | Koha date last seen | Price effective from | Koha item type |
|---|---|---|---|---|---|---|---|---|---|---|---|
| Bibliothèque Ecole Polytechnique d'Abomey-Calavi | Bibliothèque Ecole Polytechnique d'Abomey-Calavi | 27/02/2009 | 547.0076/A744e | 27/02/2009 | 27/02/2009 | Livre |